| Поле | Название | Значение |
| |
Тип записи |
a |
| |
Библиографический уровень |
m |
| 001 |
Контрольный номер |
3ec0ad6befe54268b286a046a8595339 |
| 005 |
Дата корректировки |
20220224073845.0 |
| 010 |
Индекс ISBN |
__ |
| d |
Цена |
250-00 |
| a |
ISBN |
978-5-371-00170-2 |
| 100 |
Данные общей обработки |
__ |
| a |
Данные общей обработки |
20220221d2009####am#y0rusy50######ca |
| 101 |
Язык документа |
0_ |
| a |
Язык текста |
rus |
| 102 |
Страна публикации |
__ |
| a |
Страна публикации |
RU |
| 200 |
Заглавие и сведения об ответственности |
1_ |
| a |
Заглавие |
Ч. 1 |
| 210 |
Выходные данные |
1_ |
| d |
Дата издания |
2009 |
| a |
Место издания |
Москва |
| c |
Издательство |
Престиж Бук |
| 215 |
Физическое описание |
__ |
| a |
Объем |
388, [3] с. |
| c |
Иллюстрации/тип воспроизводства |
ил. |
| 320 |
Библиография |
__ |
| a |
Библиография |
Примечания: с. 390 |
| 330 |
Аннотация |
__ |
| a |
Аннотация |
Хрестоматия для воспитанников военных учебных заведений и офицеров. Первая часть книги повествует о баталиях, развернувшихся на территории Старого и Нового Света начиная с древнейших времен и заканчивая событиями конца XIX века. Вторая часть - военная история нашей страны, история подвигов десятков поколений героев. |
| 461 |
Уровень набора |
_0 |
| 1 |
|
2001 |
| a |
|
Герои и битвы |
| e |
|
общедоступная военно-историческая хрестоматия |
| e |
|
в 2 частях |
| f |
|
составитель К. К. Абаза |
| 1 |
|
2101 |
| a |
|
Москва |
| c |
|
Престиж Бук |
| d |
|
2009 |
| 1 |
|
010 |
| a |
|
978-5-371-00169-6 |
| 600 |
Персоналии |
_1 |
| c |
Дополнение к имени |
испанский мореплаватель |
| a |
Персоналии (Фамилия) |
Колумб |
| b |
Персоналии (Имя) |
Х. |
| g |
Полное имя |
Христофор |
| f |
Даты |
1451-1506 |
| 600 |
Персоналии |
_1 |
| c |
Дополнение к имени |
французская святая |
| a |
Персоналии (Фамилия) |
Жанна д'Арк |
| f |
Даты |
1412-1431 |
| 606 |
Тематические рубрики |
__ |
| a |
Основная рубрика |
История |
| 606 |
Тематические рубрики |
__ |
| a |
Основная рубрика |
Всемирная история |
| y |
Географическая подрубрика |
Италия |
| y |
Географическая подрубрика |
Париж |
| y |
Географическая подрубрика |
Иерусалим |
| y |
Географическая подрубрика |
Испания |
| y |
Географическая подрубрика |
Мексика |
| y |
Географическая подрубрика |
Германия |
| z |
Хронологическая подрубрика |
19 в. |
| z |
Хронологическая подрубрика |
8-11 вв. |
| z |
Хронологическая подрубрика |
1800 г. |
| z |
Хронологическая подрубрика |
218 г. до н.э.-201 г. до н.э. |
| 610 |
Ключевые слова |
0_ |
| a |
Ключевые слова |
битвы |
| a |
Ключевые слова |
войны |
| a |
Ключевые слова |
сражения |
| a |
Ключевые слова |
военные походы |
| a |
Ключевые слова |
крестовые походы |
| a |
Ключевые слова |
рыцари |
| a |
Ключевые слова |
цари |
| a |
Ключевые слова |
викинги |
| a |
Ключевые слова |
мореплаватели |
| a |
Ключевые слова |
персоналии |
| 686 |
Индексы других классификаций |
__ |
| a |
Индекс ББК |
63.3(0) |
| 801 |
Источник записи |
_0 |
| a |
Страна |
RU |
| b |
Организация |
Центральная районная библиотека им. Г. А. Пирожникова |
| c |
Дата составления |
20220221 |
| g |
Правила каталогизации |
bzbo |
| 801 |
Источник записи |
_1 |
| a |
Страна |
RU |
| b |
Организация |
Центральная районная библиотека им. Г. А. Пирожникова |
| c |
Дата составления |
20220221 |
| g |
Правила каталогизации |
bzbo |
| 852 |
Данные о местонахождении |
__ |
| i |
Авторский знак |
Г 394 |
| j |
Шифр хранения |
63.3(0) |
| 901 |
Тип документа |
__ |
| t |
Тип документа |
n |
| 902 |
Роль лиц |
__ |
| a |
Создатель БЗ |
ОКиО/Шумских |